Top 100 Music Artists - Statistics

General Stats
  • This quiz has been taken 13,189 times
  • The average score is 27 of 100
Answer Stats
Position Artist % Correct
1 The Beatles
89%
4 The Rolling Stones
81%
35 Michael Jackson
79%
3 Elvis Presley
72%
52 Queen
71%
30 Nirvana
59%
14 Led Zeppelin
58%
72 AC/DC
57%
36 Madonna
57%
51 Pink Floyd
56%
2 Bob Dylan
54%
83 Eminem
54%
61 Metallica
54%
6 Jimi Hendrix
53%
49 Elton John
52%
9 Aretha Franklin
49%
27 Prince
49%
39 David Bowie
47%
12 The Beach Boys
46%
29 The Who
46%
92 Guns n' Roses
44%
85 Black Sabbath
42%
38 John Lennon
42%
75 The Eagles
40%
22 U2
40%
55 Eric Clapton
38%
15 Stevie Wonder
38%
86 Tupac Shakur
36%
41 The Doors
35%
59 Aerosmith
34%
23 Bruce Springsteen
34%
88 Jay-Z
34%
66 Al Green
33%
31 Johnny Cash
33%
11 Bob Marley
32%
84 James Taylor
32%
28 The Clash
32%
70 The Police
32%
5 Chuck Berry
31%
73 Radiohead
31%
18 Marvin Gaye
30%
65 The Kinks
30%
7 James Brown
29%
60 The Sex Pistols
29%
67 Cream
28%
56 Dr. Dre
28%
46 Janis Joplin
25%
10 Ray Charles
25%
63 Tina Turner
25%
40 Simon and Garfunkel
24%
26 The Ramones
24%
13 Buddy Holly
23%
8 Little Richard
23%
34 Neil Young
21%
96 Diana Ross and the Supremes
20%
90 Carlos Santana
19%
21 Otis Redding
19%
97 R.E.M.
19%
95 Lynyrd Skynyrd
18%
19 The Velvet Underground
18%
77 Beastie Boys
17%
82 Creedence Clearwater Revival
17%
50 The Band
17%
100 Talking Heads
16%
91 Tom Petty
16%
74 Hank Williams
15%
16 Sam Cooke
15%
45 The Byrds
15%
42 Van Morrison
15%
48 Run-DMC
14%
80 Elvis Costello
13%
68 The Temptations
13%
62 Joni Mitchell
12%
71 Frank Zappa
11%
57 Grateful Dead
11%
17 Muddy Waters
11%
37 Roy Orbison
11%
24 Jerry Lee Lewis
10%
44 Public Enemy
10%
33 The Everly Brothers
9%
89 The Yardbirds
9%
25 Fats Domino
8%
47 Patti Smith
8%
78 The Stooges
8%
94 Nine Inch Nails
7%
79 The Four Tops
7%
43 Sly and the Family Stone
6%
20 Bo Diddley
5%
98 Curtis Mayfield
5%
69 Jackie Wilson
5%
93 Booker T. and the MGs
4%
99 Carl Perkins
4%
54 Howlin' Wolf
4%
53 The Allman Brothers Band
4%
81 The Drifters
4%
87 Gram Parsons
3%
64 Phil Spector
3%
32 Smokey Robinson and the Miracles
3%
76 The Shirelles
3%
58 Parliament and Funkadelic
2%
No matching quizzes found
Score Distribution
Percent of People with Each Score
Percentile by Number Answered
Your Score History
You have not taken this quiz